000 00436nam a2200145Ia 4500
003 OSt
005 20260227113451.0
008 211028s2019 xx 000 0 und d
040 _cAIMIT LIBRARY
041 _aeng
100 _aSushmita; Mascarenhas, Deepika Maria.
_g1716201
_98175
245 _aStudy on recruitment and selection process at Goavega Software India pvt ltd /
260 _aMangalore
_bDhanajay
_c2019
942 _2ddc
_cPRO
999 _c219743
_d219743